[Event "Steinfurt Bezirksklasse 1213"]
[Site "Germany"]
[Date "2013.05.25"]
[Round "9.2"]
[White "Koch, Hermann"]
[Black "Dunker, Felix"]
[Result "1/2-1/2"]
[WhiteElo "1262"]
[BlackElo "1248"]
[PlyCount "49"]
[EventDate "2012.09.29"]
[EventType "team-tourn"]
[EventRounds "9"]
[EventCountry "GER"]
[SourceTitle "EXT 2015"]
[Source "ChessBase"]
[SourceDate "2014.11.20"]
[SourceVersion "1"]
[SourceVersionDate "2014.11.20"]
[SourceQuality "1"]
[WhiteTeam "Westerkappeln II"]
[BlackTeam "Emsdetten Turm IV"]
[WhiteTeamCountry "GER"]
[BlackTeamCountry "GER"]

1. e4 e5 2. Nf3 Nc6 3. Bb5 Bc5 4. Bxc6 bxc6 5. 0-0 d6 6. d3 Nf6 7. h3 Be6 8. Nc3 h6 9. Re1 Nh5 10. Na4 Bb6 11. Nxb6 cxb6 12. Nxe5 dxe5 13. Qxh5 Qf6 14. Bd2 g6 15. Qd1 h5 16. Re3 g5 17. Rf3 Qg6 18. Rg3 g4 19. f4 exf4 20. Bxf4 h4 21. Rxg4 Bxg4 22. hxg4 Kd7 23. g5 Rag8 24. Be5 Rh5 25. Bf6 1/2-1/2

[Event "Steinfurt Bezirksklasse 1213"]
[Site "Germany"]
[Date "2013.03.23"]
[Round "7.4"]
[White "Dunker, Felix"]
[Black "Stroot, Helmut"]
[Result "0-1"]
[WhiteElo "1248"]
[BlackElo "1357"]
[PlyCount "54"]
[EventDate "2012.09.29"]
[EventType "team-tourn"]
[EventRounds "9"]
[EventCountry "GER"]
[SourceTitle "EXT 2015"]
[Source "ChessBase"]
[SourceDate "2014.11.20"]
[SourceVersion "1"]
[SourceVersionDate "2014.11.20"]
[SourceQuality "1"]
[WhiteTeam "Emsdetten Turm IV"]
[BlackTeam "Rheine CC"]
[WhiteTeamCountry "GER"]
[BlackTeamCountry "GER"]

1. e4 c5 2. Bc4 e6 3. Nc3 Nc6 4. d3 h6 5. a3 Be7 6. Be3 Nf6 7. Na4 0-0 8. Nxc5 d5 9. exd5 exd5 10. Bb5 Qa5+ 11. b4 Qxb5 12. c3 Re8 13. a4 Qb6 14. Ne6 d4 15. a5 Qb5 16. Nc7 Qe5 17. Nxe8 Nxe8 18. Nf3 Qe6 19. cxd4 Bxb4+ 20. Ke2 Bxa5 21. Qb1 Bc3 22. Ra4 a6 23. Rc1 b5 24. Ra3 b4 25. Ra4 a5 26. Rc2 Nf6 27. Kd1 Ba6 0-1

[Event "Steinfurt Bezirksklasse 1213"]
[Site "Germany"]
[Date "2012.12.01"]
[Round "3.4"]
[White "Dunker, Felix"]
[Black "Krueler, Andreas"]
[Result "1/2-1/2"]
[WhiteElo "1248"]
[BlackElo "1491"]
[PlyCount "64"]
[EventDate "2012.09.29"]
[EventType "team-tourn"]
[EventRounds "9"]
[EventCountry "GER"]
[SourceTitle "EXT 2015"]
[Source "ChessBase"]
[SourceDate "2014.11.20"]
[SourceVersion "1"]
[SourceVersionDate "2014.11.20"]
[SourceQuality "1"]
[WhiteTeam "Emsdetten Turm IV"]
[BlackTeam "Steinfurt III"]
[WhiteTeamCountry "GER"]
[BlackTeamCountry "GER"]

1. e4 e5 2. Nf3 Qf6 3. Nc3 c6 4. d4 exd4 5. Qxd4 Qxd4 6. Nxd4 Bc5 7. Be3 Nf6 8. Nf5 Bxe3 9. Nxe3 0-0 10. 0-0-0 b5 11. a3 a5 12. b3 b4 13. axb4 axb4 14. Na4 Nxe4 15. Rd4 Nxf2 16. Rg1 Re8 17. Nf5 Re1+ 18. Kd2 Rd1+ 19. Ke3 Rxd4 20. Nxd4 Ng4+ 21. Kf3 Nxh2+ 22. Kg3 Nxf1+ 23. Rxf1 Ra5 24. Re1 Kf8 25. Nb6 Bb7 26. Nc4 Rd5 27. Nf5 g6 28. Nfd6 Ba6 29. Re8+ Kg7 30. Rxb8 Bxc4 31. Nxc4 c5 32. Re8 Kf6 1/2-1/2

[Event "Steinfurt Bezirksklasse 0910"]
[Site "Germany"]
[Date "2010.04.17"]
[Round "6.6"]
[White "Dunker, Felix"]
[Black "Niering, Bernhard"]
[Result "1-0"]
[WhiteElo "1079"]
[BlackElo "1217"]
[PlyCount "86"]
[EventDate "2009.09.26"]
[EventType "team-tourn"]
[EventRounds "7"]
[EventCountry "GER"]
[SourceTitle "EXT 2011"]
[Source "ChessBase"]
[SourceDate "2010.11.26"]
[SourceVersion "1"]
[SourceVersionDate "2010.11.26"]
[SourceQuality "1"]
[WhiteTeam "Emsdetten Turm IV"]
[BlackTeam "Steinfurt IV"]
[WhiteTeamCountry "GER"]
[BlackTeamCountry "GER"]

1. e4 d6 2. Bc4 e6 3. Nc3 Ne7 4. Qe2 g6 5. d4 Bg7 6. Nf3 Nd7 7. 0-0 Nb6 8. Bb3 Bd7 9. Bd2 a6 10. a4 Rc8 11. d5 Bxc3 12. Bxc3 e5 13. Ng5 0-0 14. Bd2 h6 15. Nf3 Kg7 16. Qe3 Ng8 17. a5 Na8 18. c4 f5 19. Bc2 f4 20. Qb3 Rb8 21. Bb4 Nf6 22. c5 Bb5 23. Rfe1 Rc8 24. Bd3 c6 25. Bxb5 axb5 26. dxc6 bxc6 27. cxd6 c5 28. Bc3 Qxd6 29. Bxe5 Qc6 30. Bxf4 Nxe4 31. Qc2 Rxf4 32. Ne5 Qe6 33. Rxe4 Rxe4 34. Qxe4 Nc7 35. Rd1 Re8 36. f4 Re7 37. g3 Ne8 38. Kf2 Nd6 39. Qe3 c4 40. Kf3 Nf5 41. Qc5 Qa6 42. Ng4 Qa8+ 43. Kf2 Qe4 1-0